Nové zákaznícke analýzy v marketingu

Prezentácia novšej zákazníckej analýzy a jej porovnanie so známymi základnými analýzami "5W" a "ABC". Rozbor zákazníckych analýz: "5W, ABC, RFM, RFMT". Komparácia zákazníckych analýz z hľadiska ich vypovedacej schopnosti, náročnosti vypracovania, trvácnosti údajov. Zákaznícke analýzy dôležité pre ef...

Description complète

Enregistré dans:
Détails bibliographiques
Auteur principal: Chebeň, Juraj
Format: Chapitre de livre
Langue:slovaque
Sujets:
Tags: Ajouter un tag
Pas de tags, Soyez le premier à ajouter un tag!

MARC

LEADER 00000naa$a2200000$$$4500
001 0092129
005 20240502072028.8
041 0 |a slo 
044 |a SK 
245 1 0 |a Nové zákaznícke analýzy v marketingu  |c Juraj Chebeň 
520 |a Prezentácia novšej zákazníckej analýzy a jej porovnanie so známymi základnými analýzami "5W" a "ABC". Rozbor zákazníckych analýz: "5W, ABC, RFM, RFMT". Komparácia zákazníckych analýz z hľadiska ich vypovedacej schopnosti, náročnosti vypracovania, trvácnosti údajov. Zákaznícke analýzy dôležité pre efektívnu realizáciu CRM. 
610 2 0 |a marketing 
610 2 0 |a zákazníci 
610 2 0 |a analýzy 
610 2 0 |a výskum 
610 2 0 |a modely 
100 1 |a Chebeň, Juraj